Normal view
MARC view
Entry Genre/Form Term
001 - CONTROL NUMBER
- control field: 3656
003 - CONTROL NUMBER IDENTIFIER
- control field: OSt
005 - DATE AND TIME OF LATEST TRANSACTION
- control field: 20110506124842.0
008 - FIXED-LENGTH DATA ELEMENTS
- fixed length control field: 110506|||a|||||| | ||| d
040 ## - CATALOGING SOURCE
- Original cataloging agency: OSt
- Transcribing agency: OSt
155 ## - HEADING--GENRE/FORM TERM
- Genre/form term: Engravings
- Chronological subdivision: 1770.
670 ## - SOURCE DATA FOUND
- Source citation: Work cat.: (OSt): The Law Reports Kings Bench Division 1930 Vol 2 /, 1974
